000 00461pab a2200169 454500
008 180718b1998 xxu||||| |||| 00| 0 eng d
100 _aZhiqiang Liu
245 _aEarnings, education, and economic reforms in urban China
260 _c1998
300 _ap.697-725
362 _aJul
650 _aEducation - China
650 _aEconomic reform - China
650 _aEconomic reform
773 _aEconomic Development and Cultural Change
909 _a39038
999 _c39038
_d39038